[Event "Turkey Cup 2020"]
[Site "Antalya-Belek"]
[Date "2020.01.27"]
[Round "2.84"]
[White "Subasi, Cagrican"]
[Black "Savli, Sadrettin"]
[Result "1-0"]
[WhiteElo "1861"]
[BlackElo "1436"]
[Annotator "NA RC"]
[PlyCount "57"]
[EventDate "2020.01.26"]
[EventType "swiss"]
[EventCountry "TUR"]
[SourceTitle "playchess.com"]
[Source "ChessBase"]
[SourceQuality "1"]

1. d4 d5 2. c4 Nc6 3. Nf3 Nf6 4. cxd5 Qxd5 5. Nc3 Qd8 6. d5 Nb8 7. e4 e6 8. Qa4+ Bd7 9. Qb3 b6 10. Bg5 Be7 11. Bxf6 Bxf6 12. e5 Be7 13. Bc4 O-O 14. dxe6 Bxe6 15. Bxe6 fxe6 16. Qxe6+ Kh8 17. Rd1 Qe8 18. O-O Na6 19. Qc4 Qc8 20. Nd5 Re8 21. Nxe7 Rxe7 22. b4 c5 23. Qh4 Qe8 24. a3 Rc8 25. Rd6 Kg8 26. Qc4+ Kh8 27. Qxa6 c4 28. Rfd1 c3 29. Qxc8 1-0

[Event "Turkey Cup 2020"]
[Site "Antalya-Belek"]
[Date "2020.01.27"]
[Round "2.86"]
[White "Muftuoglu, Musa Emin"]
[Black "Atabey, Koray Ibrahim"]
[Result "1-0"]
[WhiteElo "1834"]
[BlackElo "1450"]
[Annotator "NA"]
[PlyCount "117"]
[EventDate "2020.01.26"]
[EventType "swiss"]
[EventCountry "TUR"]
[SourceTitle "playchess.com"]
[Source "ChessBase"]
[SourceQuality "1"]

1. d4 Nf6 2. Bg5 Ne4 3. Bf4 g5 4. Bc1 e6 5. f3 Nd6 6. e4 Bg7 7. c4 O-O 8. Nc3 f5 9. Be3 b6 10. Qd2 f4 11. Bf2 Bb7 12. O-O-O Nf7 13. h4 Nc6 14. hxg5 Qxg5 15. e5 Nh6 16. Nh3 Qe7 17. Nxf4 Nf5 18. Bd3 Bh6 19. Bxf5 Bxf4 20. Qxf4 Rxf5 21. Qh4 Qg5+ 22. Kb1 Qxh4 23. Rxh4 Raf8 24. Ne4 R8f7 25. Nf6+ R5xf6 26. exf6 Rxf6 27. Rdh1 Rf7 28. Rg4+ Kf8 29. Be3 Nb4 30. a3 Nc6 31. Rgh4 Kg8 32. Rg4+ Rg7 33. Rxg7+ Kxg7 34. Kc2 Ne7 35. Kd3 Nf5 36. b3 Ba6 37. Bf4 c6 38. Bb8 d5 39. Bxa7 b5 40. cxb5 Bxb5+ 41. Kd2 Kg6 42. Bc5 h5 43. Ke1 Kg5 44. Kf2 Bd3 45. Rc1 Kf6 46. Bb6 Bb5 47. a4 Bd3 48. Rxc6 Ke7 49. Rc8 Kd7 50. Rh8 h4 51. a5 Kc6 52. Re8 Kd7 53. Rd8+ Kc6 54. b4 Nd6 55. Bc5 Nf5 56. Rb8 Bc4 57. Rb6+ Kd7 58. a6 Kc8 59. a7 1-0

[Event "Turkey Cup 2020"]
[Site "Antalya-Belek"]
[Date "2020.01.27"]
[Round "2.87"]
[White "Var, Sefa"]
[Black "Bulut, Nazim"]
[Result "1-0"]
[WhiteElo "1739"]
[BlackElo "1506"]
[Annotator "NA"]
[PlyCount "181"]
[EventDate "2020.01.26"]
[EventType "swiss"]
[EventCountry "TUR"]
[SourceTitle "playchess.com"]
[Source "ChessBase"]
[SourceQuality "1"]

1. e4 e5 2. Nf3 Nc6 3. Bb5 a6 4. Ba4 Nge7 5. O-O d6 6. c3 Bd7 7. d4 h6 8. Be3 Ng6 9. d5 Nb8 10. c4 Be7 11. Nc3 O-O 12. Bc2 Bg4 13. h3 Bc8 14. Qd2 Nd7 15. b4 b6 16. Ne2 Nf6 17. Ng3 Bd7 18. Nf5 Nh5 19. g3 Bf6 20. Nh2 Bg5 21. Qe2 Nf6 22. f4 exf4 23. gxf4 Bh4 24. Nf3 Nh7 25. Qg2 Bf6 26. e5 dxe5 27. fxe5 Bxf5 28. Bxf5 Bxe5 29. Nxe5 Nxe5 30. Bxh6 Ng6 31. Be3 Qe7 32. Bd2 Qh4 33. Bg4 Rae8 34. Rae1 Nf6 35. Bc3 Nf4 36. Qf3 Nxg4 37. Qxf4 Rxe1 38. Bxe1 Qxh3 39. Rf3 Qh5 40. Bc3 f5 41. Qxc7 Rf7 42. Qb8+ Kh7 43. Kg2 Nh6 44. Qf4 Re7 45. Be5 g5 46. Qd4 g4 47. Re3 Nf7 48. Bf4 Qh4 49. Qxb6 Re4 50. Rxe4 Qh3+ 51. Kg1 fxe4 52. Qe3 Qf3 53. Qxf3 gxf3 54. b5 axb5 55. cxb5 Nd8 56. a4 Nb7 57. Kf2 Kg6 58. Bc7 Nc5 59. Bg3 Nxa4 60. d6 Nb6 61. Ke3 Kf5 62. Kd4 Nd7 63. Bf2 Ke6 64. Bg3 f2 65. Bxf2 Kxd6 66. Kxe4 Nc5+ 67. Kd4 Nb7 68. Bg3+ Kd7 69. Kd5 Na5 70. Kc5 Kc8 71. Kb6 Nc4+ 72. Ka7 Kd7 73. Kb7 Na5+ 74. Kb8 Nc4 75. Bc7 Ke6 76. Bd8 Kd5 77. Be7 Nb6 78. Kb7 Na4 79. Ka6 Kc4 80. Ka5 Nc3 81. b6 Nd5 82. b7 Nxe7 83. Kb6 Nd5+ 84. Ka7 Ne7 85. Kb6 Nd5+ 86. Kc6 Nb4+ 87. Kb6 Nd5+ 88. Kc6 Nb4+ 89. Kc7 Nd5+ 90. Kc8 Nb6+ 91. Kd8 1-0

[Event "Turkey Cup 2020"]
[Site "Antalya-Belek"]
[Date "2020.01.27"]
[Round "2.88"]
[White "Mercanli, Abdullah Gokturk"]
[Black "Ataer, Arda Burak"]
[Result "0-1"]
[WhiteElo "1474"]
[BlackElo "1762"]
[Annotator "NA"]
[PlyCount "70"]
[EventDate "2020.01.26"]
[EventType "swiss"]
[EventCountry "TUR"]
[SourceTitle "playchess.com"]
[Source "ChessBase"]
[SourceQuality "1"]

1. d4 Nf6 2. c4 g6 3. Nc3 Bg7 4. e4 d6 5. Nf3 O-O 6. Bd3 e5 7. dxe5 dxe5 8. Bg5 Nbd7 9. Qd2 c6 10. b4 a5 11. b5 Nc5 12. Rd1 Qc7 13. Qe3 Ne6 14. b6 Qe7 15. Nxe5 Nxg5 16. Qxg5 h6 17. Nxg6 fxg6 18. Qxg6 Ng4 19. O-O Qe5 20. f4 Rxf4 21. Rxf4 Qxf4 22. Qe8+ Qf8 23. Qxf8+ Bxf8 24. Na4 Be6 25. Be2 Ne5 26. Rc1 Rd8 27. Kf1 Rd4 28. Nb2 Rd2 29. Rb1 Ba3 30. Na4 Nxc4 31. Rb3 Rxa2 32. Rg3+ Kh7 33. Nc3 Rc2 34. e5 Rc1+ 35. Bd1 Bb4 0-1

[Event "Turkey Cup 2020"]
[Site "Antalya-Belek"]
[Date "2020.01.27"]
[Round "2.89"]
[White "Kayan, Yasar Efe"]
[Black "Celiktas, Sami"]
[Result "1-0"]
[WhiteElo "1641"]
[BlackElo "1448"]
[Annotator "NA"]
[PlyCount "55"]
[EventDate "2020.01.26"]
[EventType "swiss"]
[EventCountry "TUR"]
[SourceTitle "playchess.com"]
[Source "ChessBase"]
[SourceQuality "1"]

1. e4 c5 2. Nc3 d6 3. g3 Nf6 4. Bg2 e5 5. d3 Be7 6. f4 Nc6 7. Nf3 Bg4 8. h3 Bxf3 9. Qxf3 Nd4 10. Qf2 exf4 11. Bxf4 Qb6 12. O-O-O O-O-O 13. g4 Nb5 14. Bd2 Nxc3 15. Bxc3 h6 16. d4 Kb8 17. e5 Nd7 18. Qxf7 Bg5+ 19. Kb1 dxe5 20. dxe5 Rhf8 21. Qxg7 Qb5 22. e6 Bf6 23. Bxf6 Nxf6 24. e7 Rxd1+ 25. Rxd1 Re8 26. Rd8+ Kc7 27. Qxf6 Qe2 28. Qd6# 1-0

[Event "Turkey Cup 2020"]
[Site "Antalya-Belek"]
[Date "2020.01.27"]
[Round "2.91"]
[White "Kaynar, Mustafa Deniz"]
[Black "Ilbay, Hakki"]
[Result "1-0"]
[WhiteElo "1555"]
[BlackElo "1437"]
[Annotator "NA"]
[PlyCount "63"]
[EventDate "2020.01.26"]
[EventType "swiss"]
[EventCountry "TUR"]
[SourceTitle "playchess.com"]
[Source "ChessBase"]
[SourceQuality "1"]

1. d4 d5 2. Bf4 c5 3. e3 cxd4 4. exd4 Nc6 5. c3 Nf6 6. Nf3 g6 7. Nbd2 Bg7 8. Bd3 O-O 9. h3 Bf5 10. Bxf5 gxf5 11. g4 Qd7 12. Ne5 Nxe5 13. Bxe5 Ne4 14. Bxg7 Kxg7 15. gxf5 Qxf5 16. Qg4+ Qxg4 17. hxg4 Nxd2 18. Kxd2 f5 19. Rae1 Rae8 20. g5 e5 21. Rxe5 Rxe5 22. dxe5 f4 23. Kd3 Rf5 24. Kd4 Rxg5 25. Rh4 Rf5 26. Kxd5 h5 27. Ke4 Kg6 28. Rxf4 Rg5 29. Kd5 Rg1 30. e6 Kg5 31. e7 Rd1+ 32. Ke4 1-0

[Event "Turkey Cup 2020"]
[Site "Antalya-Belek"]
[Date "2020.01.27"]
[Round "2.92"]
[White "Ikizler, Metin"]
[Black "Ozturk, Oguzhan"]
[Result "0-1"]
[WhiteElo "1555"]
[BlackElo "1630"]
[Annotator "NA"]
[PlyCount "82"]
[EventDate "2020.01.26"]
[EventType "swiss"]
[EventCountry "TUR"]
[SourceTitle "playchess.com"]
[Source "ChessBase"]
[SourceQuality "1"]

1. e4 c5 2. Nc3 Nc6 3. Nf3 Nf6 4. Bc4 d6 5. h3 a6 6. a4 g6 7. O-O Bg7 8. d3 O-O 9. Rb1 Bd7 10. Bg5 Nd4 11. Re1 h6 12. Be3 e5 13. b3 Rb8 14. Nh2 b5 15. axb5 axb5 16. Bd5 b4 17. Ne2 Nxd5 18. exd5 Qb6 19. Qd2 Kh7 20. f4 Rbe8 21. fxe5 Nxe2+ 22. Qxe2 Rxe5 23. Qf3 Rf5 24. Qg3 Rxd5 25. Rf1 Rf5 26. Nf3 Re8 27. Nd2 Rxe3 28. Qh4 d5 29. Nf3 Qf6 30. Qg3 d4 31. Qc7 Be6 32. Rf2 Bd5 33. Rbf1 Bxf3 34. gxf3 Qe5 35. Qxe5 Bxe5 36. Kh1 h5 37. Kg2 h4 38. f4 Bd6 39. Rf3 Re2+ 40. R1f2 Rxf2+ 41. Kxf2 Rxf4 0-1

[Event "Turkey Cup 2020"]
[Site "Antalya-Belek"]
[Date "2020.01.27"]
[Round "2.93"]
[White "Tutumlu, Ali"]
[Black "Bayramiclilar, Yusuf Ruzgar"]
[Result "1-0"]
[WhiteElo "1754"]
[BlackElo "1331"]
[Annotator "NA"]
[PlyCount "105"]
[EventDate "2020.01.26"]
[EventType "swiss"]
[EventCountry "TUR"]
[SourceTitle "playchess.com"]
[Source "ChessBase"]
[SourceQuality "1"]

1. e4 c5 2. Nf3 e6 3. c3 Nf6 4. e5 Nd5 5. a4 Nc6 6. g3 Qc7 7. Qe2 d6 8. exd6 Bxd6 9. Bg2 Nf6 10. Na3 a6 11. Nc4 Be7 12. d3 Na5 13. O-O Nxc4 14. dxc4 O-O 15. Bf4 Bd6 16. Bxd6 Qxd6 17. Rfd1 Qb6 18. a5 Qc7 19. Ne5 Bd7 20. Rd3 Rad8 21. f4 Bc6 22. Nxc6 bxc6 23. Rxd8 Rxd8 24. Bf3 Qd7 25. Qe5 Qd2 26. Rd1 Qxd1+ 27. Bxd1 Rxd1+ 28. Kg2 Nd7 29. Qc7 Rd2+ 30. Kh3 h5 31. Qc8+ Kh7 32. Qxc6 Nf6 33. Qxc5 g6 34. Qf8 Ng4 35. Qxf7+ Kh6 36. Qf8+ Kh7 37. Kh4 Nxh2 38. Kg5 Rd7 39. Qh6+ Kg8 40. Qxg6+ Rg7 41. b4 h4 42. Qxg7+ Kxg7 43. gxh4 Nf3+ 44. Kg4 Nd2 45. c5 Nc4 46. Kf3 Kf6 47. Ke4 Nd2+ 48. Ke3 Nc4+ 49. Kd4 e5+ 50. Kxc4 exf4 51. Kd3 f3 52. Ke3 Kg6 53. Kxf3 1-0

[Event "Turkey Cup 2020"]
[Site "Antalya-Belek"]
[Date "2020.01.27"]
[Round "2.94"]
[White "Suvar, Necati"]
[Black "Araboga, Mesut"]
[Result "0-1"]
[WhiteElo "1359"]
[BlackElo "1627"]
[Annotator "NA"]
[PlyCount "63"]
[EventDate "2020.01.26"]
[EventType "swiss"]
[EventCountry "TUR"]
[SourceTitle "playchess.com"]
[Source "ChessBase"]
[SourceQuality "1"]

1. c4 f5 2. Nf3 Nf6 3. g3 g6 4. Nc3 Bg7 5. Bg2 c6 6. d4 d6 7. O-O O-O 8. b3 c5 9. Bb2 Nc6 10. d5 Nb8 11. Qc2 Na6 12. a3 Nc7 13. Rad1 Rb8 14. Nh4 Ng4 15. e4 f4 16. Ne2 e5 17. Nf3 fxg3 18. hxg3 b5 19. Bc3 Qe7 20. Rb1 Bd7 21. Ba5 Ne8 22. Bd2 h6 23. Nh4 Kh7 24. Rb2 h5 25. Qc1 Bh6 26. Bxh6 Nxh6 27. Nf3 Ng4 28. Ng5+ Kg7 29. f4 bxc4 30. bxc4 Nef6 31. Rxb8 Rxb8 32. Kh1 0-1

[Event "Turkey Cup 2020"]
[Site "Antalya-Belek"]
[Date "2020.01.27"]
[Round "2.95"]
[White "Acar, Kaan"]
[Black "Keskec, Yaser"]
[Result "1-0"]
[WhiteElo "1636"]
[BlackElo "1450"]
[Annotator "NA"]
[PlyCount "53"]
[EventDate "2020.01.26"]
[EventType "swiss"]
[EventCountry "TUR"]
[SourceTitle "playchess.com"]
[Source "ChessBase"]
[SourceQuality "1"]

1. e4 e6 2. d4 c5 3. Nf3 Nf6 4. Nc3 d5 5. Bg5 Be7 6. e5 Nfd7 7. Bxe7 Qxe7 8. Nb5 Kd8 9. c3 Nc6 10. Nd6 h6 11. a3 f6 12. Qe2 fxe5 13. Nxe5 Ndxe5 14. dxe5 c4 15. O-O-O Bd7 16. h4 Kc7 17. Nb5+ Kb6 18. Nd6 Na5 19. Qe3+ Kc6 20. Kb1 Nb3 21. Bxc4 dxc4 22. Qe4+ Kb6 23. Qxb7+ Ka5 24. Nxc4+ Ka4 25. Qa6+ Na5 26. Qxa5+ Kb3 27. Nd2# 1-0

[Event "Turkey Cup 2020"]
[Site "Antalya-Belek"]
[Date "2020.01.27"]
[Round "2.96"]
[White "Durucay, Ethem"]
[Black "Satiroglu, Kaan"]
[Result "0-1"]
[WhiteElo "1412"]
[BlackElo "1640"]
[Annotator "NA RC"]
[PlyCount "66"]
[EventDate "2020.01.26"]
[EventType "swiss"]
[EventCountry "TUR"]
[SourceTitle "playchess.com"]
[Source "ChessBase"]
[SourceQuality "1"]

1. c4 e5 2. b3 Nf6 3. Bb2 Nc6 4. a3 d5 5. cxd5 Nxd5 6. d3 g6 7. Nf3 Bg7 8. e3 O-O 9. Be2 e4 10. Nd4 Nxd4 11. Bxd4 Bxd4 12. exd4 e3 13. O-O Qg5 14. Bf3 Re8 15. Ra2 c6 16. Re2 Nf4 17. Rxe3 Nh3+ 18. Kh1 Nxf2+ 19. Rxf2 Rxe3 20. Nc3 Bf5 21. Ne4 Bxe4 22. Bxe4 f5 23. Bf3 Rae8 24. Rf1 Qd8 25. d5 cxd5 26. b4 Qd6 27. Qb3 Rd8 28. a4 Qe5 29. Qd1 Qd4 30. b5 Qxd3 31. Qc1 Re7 32. Rd1 Qb3 33. Qg5 Qxd1+ 0-1

[Event "Turkey Cup 2020"]
[Site "Antalya-Belek"]
[Date "2020.01.27"]
[Round "2.97"]
[White "Akin, Bora Zubeyir"]
[Black "Saygili, Adnan Mesih"]
[Result "1-0"]
[WhiteElo "1476"]
[BlackElo "1545"]
[Annotator "NA"]
[PlyCount "69"]
[EventDate "2020.01.26"]
[EventType "swiss"]
[EventCountry "TUR"]
[SourceTitle "playchess.com"]
[Source "ChessBase"]
[SourceQuality "1"]

1. g3 d5 2. d4 Nf6 3. Bg2 Bf5 4. c4 c6 5. Nc3 e6 6. Nf3 Be7 7. Nd2 O-O 8. O-O Re8 9. e4 dxe4 10. Ndxe4 Nbd7 11. Qb3 Qb6 12. Rd1 Qxb3 13. axb3 Nb6 14. Bf4 a6 15. h3 Rac8 16. g4 Bg6 17. Nxf6+ Bxf6 18. Ne4 Bxe4 19. Bxe4 g5 20. Be3 Na8 21. Ra5 h6 22. h4 Rcd8 23. hxg5 hxg5 24. Kg2 e5 25. d5 Be7 26. Rh1 cxd5 27. Bxd5 Rd7 28. Rh5 Kg7 29. Bxg5 f6 30. Bh6+ Kg6 31. Be4+ Kf7 32. Be3 Kg7 33. Rh7+ Kg8 34. Ra1 Red8 35. Rah1 1-0

[Event "Turkey Cup 2020"]
[Site "Antalya-Belek"]
[Date "2020.01.27"]
[Round "2.98"]
[White "Engin, Cagla"]
[Black "Yalcindag, Hakan"]
[Result "0-1"]
[WhiteElo "1418"]
[BlackElo "1488"]
[Annotator "NA"]
[PlyCount "110"]
[EventDate "2020.01.26"]
[EventType "swiss"]
[EventCountry "TUR"]
[SourceTitle "playchess.com"]
[Source "ChessBase"]
[SourceQuality "1"]

1. e4 c5 2. Nc3 Nc6 3. g3 g6 4. d3 Bg7 5. Bg2 d6 6. Be3 Nf6 7. h3 a6 8. Nf3 Nd7 9. O-O O-O 10. Qd2 Rb8 11. Bh6 b5 12. Bxg7 Kxg7 13. Ne2 Nf6 14. Nf4 Bb7 15. Rfe1 e5 16. Nd5 Nxd5 17. exd5 Ne7 18. c4 Bc8 19. b3 Nf5 20. Qe2 Bd7 21. g4 Nh4 22. Nxh4 Qxh4 23. Qe4 Qg5 24. Qe3 Qxe3 25. Rxe3 f5 26. gxf5 Rxf5 27. Be4 Rf4 28. Rg3 bxc4 29. bxc4 Rb2 30. f3 Rh4 31. Rg2 Rb8 32. Rh2 Rxh3 33. Rxh3 Bxh3 34. Kh2 Bf5 35. Bxf5 gxf5 36. Rg1+ Kf7 37. Rg2 Rb1 38. Rd2 a5 39. Kg3 a4 40. f4 a3 41. fxe5 dxe5 42. Rf2 f4+ 43. Kg4 Rb2 44. Rf1 Kg6 45. Re1 h5+ 46. Kf3 Kf6 47. Rh1 Rxa2 48. Rxh5 Rd2 49. Rh6+ Kg5 50. Ra6 Rxd3+ 51. Ke2 Rd4 52. Rxa3 Rxc4 53. Ra5 Kf5 54. Ra8 Rd4 55. Rf8+ Ke4 0-1

[Event "Turkey Cup 2020"]
[Site "Antalya-Belek"]
[Date "2020.01.27"]
[Round "2.99"]
[White "Mermer, Yunus"]
[Black "Ozsoy, Damla"]
[Result "1-0"]
[WhiteElo "1592"]
[BlackElo "1440"]
[Annotator "NA"]
[PlyCount "67"]
[EventDate "2020.01.26"]
[EventType "swiss"]
[EventCountry "TUR"]
[SourceTitle "playchess.com"]
[Source "ChessBase"]
[SourceQuality "1"]

1. d4 Nf6 2. c4 g6 3. Nc3 Bg7 4. e4 d6 5. f4 c5 6. d5 e6 7. Nf3 exd5 8. cxd5 O-O 9. Bd3 Re8 10. O-O a6 11. a4 Nbd7 12. a5 b5 13. axb6 Qxb6 14. Kh1 Bb7 15. Nd2 Qc7 16. Nc4 Nb6 17. Nxb6 Qxb6 18. Qf3 Bc8 19. h3 Bd7 20. g4 Bb5 21. Nxb5 axb5 22. Rxa8 Rxa8 23. e5 Ne8 24. e6 c4 25. exf7+ Kxf7 26. Bc2 Qd4 27. f5 Qf6 28. fxg6+ hxg6 29. Qe2 Ra1 30. Rxf6+ Bxf6 31. Qe6+ Kg7 32. Qd7+ Kf8 33. Bxg6 Rxc1+ 34. Kg2 1-0

[Event "Turkey Cup 2020"]
[Site "Antalya-Belek"]
[Date "2020.01.27"]
[Round "2.100"]
[White "Sener, Berke"]
[Black "Acar, Ozgur"]
[Result "0-1"]
[WhiteElo "1324"]
[BlackElo "1742"]
[Annotator "NA"]
[PlyCount "86"]
[EventDate "2020.01.26"]
[EventType "swiss"]
[EventCountry "TUR"]
[SourceTitle "playchess.com"]
[Source "ChessBase"]
[SourceQuality "1"]

1. d4 d5 2. Bf4 e6 3. e3 c5 4. c3 Nc6 5. Nf3 Bd6 6. Bg3 c4 7. b3 b5 8. Nbd2 Nf6 9. bxc4 bxc4 10. Rb1 O-O 11. Be2 Qc7 12. Qc2 e5 13. dxe5 Nxe5 14. Nxe5 Bxe5 15. Nf3 Bxg3 16. hxg3 g6 17. Nd4 Bd7 18. Bf3 Rab8 19. O-O Qa5 20. Rfe1 Rb6 21. Rxb6 axb6 22. e4 dxe4 23. Bxe4 Nxe4 24. Rxe4 Ra8 25. Re7 Qd5 26. Qe2 Bc6 27. f3 Qd6 28. g4 b5 29. Re5 Rb8 30. f4 Bd5 31. f5 b4 32. Re8+ Rxe8 33. Qxe8+ Kg7 34. cxb4 c3 35. a4 Bc6 36. Nxc6 c2 37. f6+ Qxf6 38. Qe1 Qxc6 39. Qe5+ Qf6 40. Qe1 Qd4+ 41. Kh2 Qf4+ 42. g3 c1=Q 43. Qg1 Qxg1+ 0-1

[Event "Turkey Cup 2020"]
[Site "Antalya-Belek"]
[Date "2020.01.27"]
[Round "2.101"]
[White "Pasa, Ahmet"]
[Black "Sarioglu, Burak"]
[Result "1/2-1/2"]
[WhiteElo "1742"]
[BlackElo "1262"]
[Annotator "NA RC"]
[PlyCount "46"]
[EventDate "2020.01.26"]
[EventType "swiss"]
[EventCountry "TUR"]
[SourceTitle "playchess.com"]
[Source "ChessBase"]
[SourceQuality "1"]

1. e4 e5 2. Nf3 Nc6 3. Nc3 Nf6 4. d4 exd4 5. Nxd4 Bb4 6. Nxc6 bxc6 7. Bd3 d5 8. exd5 cxd5 9. O-O O-O 10. Bg5 c6 11. Qf3 h6 12. Bxf6 Qxf6 13. Qxf6 gxf6 14. Ne2 Re8 15. Ng3 Re5 16. Rad1 Bd7 17. f4 Re3 18. Nh5 Be7 19. Rde1 Rxe1 20. Rxe1 Re8 21. Kf1 Kf8 22. Ng3 Bd6 23. Rxe8+ Kxe8 1/2-1/2

[Event "Turkey Cup 2020"]
[Site "Antalya-Belek"]
[Date "2020.01.27"]
[Round "2.102"]
[White "Yilmaz, Mustafa"]
[Black "Atik, Muhammed Ihsan"]
[Result "0-1"]
[WhiteElo "1361"]
[BlackElo "1585"]
[Annotator "NA"]
[PlyCount "56"]
[EventDate "2020.01.26"]
[EventType "swiss"]
[EventCountry "TUR"]
[SourceTitle "playchess.com"]
[Source "ChessBase"]
[SourceQuality "1"]

1. e4 c5 2. Nf3 e6 3. d4 cxd4 4. Nxd4 Nf6 5. Nc3 Nc6 6. Nxc6 bxc6 7. e5 Nd5 8. Nxd5 cxd5 9. Bd3 Qc7 10. Qe2 Bb4+ 11. Bd2 Bxd2+ 12. Kxd2 Rb8 13. Rhb1 Qa5+ 14. Kd1 d4 15. a3 Bb7 16. b4 Qc7 17. f4 Qd8 18. Qg4 O-O 19. b5 f5 20. Qg3 d6 21. Rb4 dxe5 22. fxe5 Be4 23. Qf2 Qc7 24. Qxd4 Rfd8 25. Rc4 Qb7 26. Qe3 Qxb5 27. Ke2 Bxd3+ 28. cxd3 Qb2+ 0-1

[Event "Turkey Cup 2020"]
[Site "Antalya-Belek"]
[Date "2020.01.27"]
[Round "3.1"]
[White "Yilmazyerli, Mert"]
[Black "Gulbeyaz, Emir"]
[Result "1-0"]
[WhiteElo "2411"]
[BlackElo "2121"]
[Annotator "TA"]
[PlyCount "129"]
[EventDate "2020.01.26"]
[EventType "swiss"]
[EventCountry "TUR"]
[SourceTitle "playchess.com"]
[Source "ChessBase"]
[SourceQuality "1"]

1. e4 g6 2. d4 Bg7 3. Nf3 d6 4. Bc4 Nf6 5. Qe2 c6 6. Bb3 e5 7. c3 Qc7 8. O-O Bg4 9. Nbd2 O-O 10. dxe5 dxe5 11. h3 Bxf3 12. Nxf3 Nbd7 13. Bc2 Nc5 14. Qc4 Ne6 15. a4 Ne8 16. Be3 Nd6 17. Qa2 c5 18. Rac1 c4 19. Rcd1 f5 20. exf5 gxf5 21. Ng5 Nxg5 22. Bxg5 h6 23. Bc1 Kh8 24. Rd5 Rad8 25. Rfd1 b6 26. Qa3 Nb7 27. Rxd8 Rxd8 28. Rxd8+ Qxd8 29. Qb4 Nd6 30. a5 f4 31. axb6 Qxb6 32. Qxb6 axb6 33. g3 fxg3 34. fxg3 b5 35. Kg2 Kg8 36. Kf3 Kf7 37. g4 Ke6 38. Bh7 Kd5 39. Bg8+ Kc6 40. h4 b4 41. cxb4 Kb5 42. Bh7 Kxb4 43. Bc2 e4+ 44. Bxe4 Nxe4 45. Kxe4 Kb3 46. Kd5 Bf6 47. h5 Bg7 48. Bf4 Bxb2 49. Bxh6 c3 50. Bf4 c2 51. g5 Ka2 52. g6 Kb1 53. h6 Bc1 54. Bxc1 Kxc1 55. h7 Kb1 56. h8=Q c1=Q 57. Qb8+ Ka2 58. Qa7+ Kb1 59. Qb6+ Ka2 60. Qa5+ Kb1 61. Qb4+ Ka1 62. Qd4+ Kb1 63. Qe4+ Ka1 64. g7 Qc8 65. Qh1+ 1-0

[Event "Turkey Cup 2020"]
[Site "Antalya-Belek"]
[Date "2020.01.27"]
[Round "3.2"]
[White "Karaoglan, Kivanc"]
[Black "Ozen, Deniz"]
[Result "0-1"]
[WhiteElo "2123"]
[BlackElo "2423"]
[Annotator "TA"]
[PlyCount "98"]
[EventDate "2020.01.26"]
[EventType "swiss"]
[EventCountry "TUR"]
[SourceTitle "playchess.com"]
[Source "ChessBase"]
[SourceQuality "1"]

1. e4 Nf6 2. Nc3 d5 3. exd5 Nxd5 4. Bc4 Nb6 5. Bb5+ Bd7 6. Bxd7+ Qxd7 7. Nf3 Nc6 8. O-O O-O-O 9. a4 Nd5 10. d3 e5 11. Re1 f6 12. Bd2 g5 13. Nxd5 Qxd5 14. Bc3 h5 15. Qe2 Bc5 16. Qe4 Qxe4 17. Rxe4 a5 18. Nd2 b6 19. Nc4 Ne7 20. Rd1 Nf5 21. Rb1 g4 22. b4 axb4 23. Bxb4 Bxb4 24. Rxb4 Nd4 25. Rb2 Kd7 26. c3 Nc6 27. d4 exd4 28. cxd4 Rhe8 29. Rbe2 Rxe4 30. Rxe4 Kc8 31. Re6 Rxd4 32. Ne3 Ne5 33. Rxf6 Rxa4 34. f4 gxf3 35. gxf3 Nd3 36. Nd5 b5 37. Rc6 Kd7 38. Rh6 Ra1+ 39. Kg2 c6 40. Nf6+ Kc7 41. Rh7+ Kc8 42. Nd7 Rd1 43. Nb6+ Kd8 44. Rd7+ Ke8 45. Rc7 Rc1 46. Rh7 b4 47. Rd7 b3 48. Rxd3 b2 49. Re3+ Kf7 0-1

[Event "Turkey Cup 2020"]
[Site "Antalya-Belek"]
[Date "2020.01.27"]
[Round "3.4"]
[White "Usun, Tolga"]
[Black "Yurtseven, Melih"]
[Result "0-1"]
[WhiteElo "2021"]
[BlackElo "2385"]
[Annotator "TA"]
[PlyCount "68"]
[EventDate "2020.01.26"]
[EventType "swiss"]
[EventCountry "TUR"]
[SourceTitle "playchess.com"]
[Source "ChessBase"]
[SourceQuality "1"]

1. e4 c5 2. Nf3 Nc6 3. d4 cxd4 4. Nxd4 Nf6 5. Nc3 d6 6. Bg5 e6 7. Qd2 a6 8. O-O-O Bd7 9. f4 b5 10. a3 b4 11. axb4 Nxb4 12. e5 dxe5 13. fxe5 h6 14. Bh4 g5 15. exf6 gxh4 16. Nb3 Qc7 17. Na5 Rd8 18. Nc4 Bc6 19. Qxd8+ Qxd8 20. Rxd8+ Kxd8 21. Ne5 Be8 22. Be2 Bd6 23. Nc4 Bf4+ 24. Kd1 Bc6 25. Rf1 Bxh2 26. Bf3 Rg8 27. Ne3 Be5 28. Kd2 Bxf3 29. Rxf3 Rg6 30. Ne4 Nd5 31. Nxd5 Rxg2+ 32. Ke3 exd5 33. Nc5 Rxc2 34. Rf5 Rxc5 0-1

[Event "Turkey Cup 2020"]
[Site "Antalya-Belek"]
[Date "2020.01.27"]
[Round "3.5"]
[White "Koksal, Ege"]
[Black "Kirilmaz, Emre"]
[Result "1/2-1/2"]
[WhiteElo "2368"]
[BlackElo "2068"]
[Annotator "TA"]
[PlyCount "52"]
[EventDate "2020.01.26"]
[EventType "swiss"]
[EventCountry "TUR"]
[SourceTitle "playchess.com"]
[Source "ChessBase"]
[SourceQuality "1"]

1. d4 Nf6 2. c4 e6 3. Nf3 d5 4. Nc3 Be7 5. Bf4 O-O 6. e3 Nbd7 7. c5 c6 8. Bd3 b6 9. b4 a5 10. a3 Ba6 11. O-O Bxd3 12. Qxd3 Nh5 13. Be5 f6 14. Bg3 Nxg3 15. hxg3 f5 16. Ne2 Rf6 17. Rfc1 bxc5 18. bxc5 Rh6 19. Nc3 g5 20. Kf1 g4 21. Nd2 Qc8 22. Ke2 Bxc5 23. Nxd5 exd5 24. dxc5 Ne5 25. Qd4 Qa6+ 26. Kd1 Qd3 1/2-1/2

[Event "Turkey Cup 2020"]
[Site "Antalya-Belek"]
[Date "2020.01.27"]
[Round "3.6"]
[White "Mecit, Emre"]
[Black "Soylu, Suat"]
[Result "1/2-1/2"]
[WhiteElo "2019"]
[BlackElo "2329"]
[Annotator "TA"]
[PlyCount "82"]
[EventDate "2020.01.26"]
[EventType "swiss"]
[EventCountry "TUR"]
[SourceTitle "playchess.com"]
[Source "ChessBase"]
[SourceQuality "1"]

1. e4 c5 2. Nf3 Nc6 3. Bb5 d6 4. O-O Bd7 5. Re1 Nf6 6. h3 a6 7. Bf1 g6 8. c3 Ne5 9. d4 Nxf3+ 10. Qxf3 e5 11. dxe5 dxe5 12. Bg5 Bg7 13. Na3 h6 14. Bh4 b5 15. Rad1 Qe7 16. Bxf6 Bxf6 17. Nc2 Bg5 18. Ne3 Bxe3 19. Qxe3 Be6 20. b3 h5 21. Rd2 O-O 22. Red1 c4 23. bxc4 bxc4 24. Rd6 Rfc8 25. Qb6 Rab8 26. Qxa6 Rb2 27. Qa5 Qf6 28. R6d2 Rcb8 29. Qa7 Qg5 30. Qe3 Qxe3 31. fxe3 Rxd2 32. Rxd2 Rb1 33. Rc2 Kf8 34. Kf2 Ke7 35. Be2 Kf6 36. Bf3 Kg5 37. Be2 Kf6 38. Bf3 Ke7 39. Be2 Ra1 40. Bf3 Kf6 41. Be2 Rb1 1/2-1/2

[Event "Turkey Cup 2020"]
[Site "Antalya-Belek"]
[Date "2020.01.27"]
[Round "3.7"]
[White "Kamer, Kayra"]
[Black "Ozguner, Hakki Ata"]
[Result "1-0"]
[WhiteElo "2348"]
[BlackElo "2077"]
[Annotator "NA"]
[PlyCount "83"]
[EventDate "2020.01.26"]
[EventType "swiss"]
[EventCountry "TUR"]
[SourceTitle "playchess.com"]
[Source "ChessBase"]
[SourceQuality "1"]

1. e4 c5 2. Nf3 d6 3. d4 cxd4 4. Nxd4 Nf6 5. Nc3 g6 6. Be3 a6 7. f3 b5 8. Qd2 Bb7 9. Be2 Nbd7 10. a4 e5 11. Nb3 b4 12. Nd5 Nxd5 13. exd5 a5 14. Bb5 Bg7 15. O-O O-O 16. c4 bxc3 17. bxc3 f5 18. Rac1 Nf6 19. c4 f4 20. Bf2 g5 21. Qd3 g4 22. Nd2 g3 23. hxg3 fxg3 24. Bxg3 Nh5 25. Bh2 Bh6 26. Rc2 Bc8 27. Ne4 Bf5 28. g4 Bxe4 29. Qxe4 Nf4 30. c5 Nh3+ 31. Kg2 Ng5 32. Qe2 Ra7 33. cxd6 e4 34. f4 Nf3 35. Qxe4 Nxh2 36. Kxh2 Rg7 37. g5 Qxd6 38. Qe6+ Qxe6 39. dxe6 Bxg5 40. fxg5 Re7 41. Rxf8+ Kxf8 42. Bd7 1-0